[Event "Quebec-ch Elite POM"]
[Site "Montreal CAN"]
[Date "2010.10.09"]
[Round "3"]
[White "Hajiyev, Elshad"]
[Black "Chevalier, Francois"]
[Result "1-0"]
[WhiteElo "2126"]
[BlackElo "1803"]
[PlyCount "53"]
[EventDate "2010.10.08"]
[EventType "swiss"]
[EventRounds "7"]
[EventCountry "CAN"]

1. d4 Nf6 2. Nf3 e6 3. Bg5 h6 4. Bf4 Be7 5. Nbd2 b6 6. e4 c5 7. c3 cxd4 8. cxd4
Bb7 9. Bd3 d6 10. Rc1 O-O 11. g4 Nh7 12. h4 Nd7 13. g5 h5 14. Nc4 d5 15. exd5
Bxd5 16. Nd6 Bxd6 17. Bxd6 Re8 18. g6 fxg6 19. Bxg6 Qf6 20. Bxh7+ Kxh7 21. Ng5+
Kg8 22. Qxh5 Qf5 23. O-O Rac8 24. Rc7 Nf8 25. Rxg7+ Kxg7 26. Be5+ Qxe5 27. Qf7+
1-0

[Event "Quebec-ch Elite POM"]
[Site "Montreal CAN"]
[Date "2010.10.09"]
[Round "3"]
[White "Le Duin, Thierry"]
[Black "Cote-Lalumiere, Tristan"]
[Result "1/2-1/2"]
[WhiteElo "1902"]
[BlackElo "1880"]
[PlyCount "154"]
[EventDate "2010.10.08"]
[EventType "swiss"]
[EventRounds "7"]
[EventCountry "CAN"]

1. d4 Nf6 2. Nf3 c5 3. d5 d6 4. c4 b5 5. cxb5 a6 6. Nc3 g6 7. e4 Bg7 8. b6 Qxb6
9. a4 O-O 10. a5 Qc7 11. Bc4 Bd7 12. Qd3 Ra7 13. O-O Rb7 14. Re1 Ng4 15. h3 Ne5
16. Nxe5 Bxe5 17. Re2 f5 18. Bg5 Rb4 19. Ra2 Qb7 20. b3 Bb5 21. Nd1 Bxc4 22.
bxc4 fxe4 23. Rxe4 Rb3 24. Qc2 Rb1 25. Re1 Bd4 26. Be3 Bxe3 27. Rxe3 Qb4 28.
Kh2 Nd7 29. Nb2 Rf1 30. Nd3 Qb1 31. Qxb1 Rxb1 32. Rxe7 Rf7 33. Re6 Rd1 34. Ra3
Rf6 35. Re2 g5 36. Kg3 h5 37. f3 Kf7 38. Rb3 h4+ 39. Kf2 Kg6 40. Ra3 Rb1 41.
Ke3 Kf5 42. Kd2 Ne5 43. Nxe5 Rb2+ 44. Ke3 Rxe2+ 45. Kxe2 Kxe5 46. Re3+ Kd4 47.
Re6 Rf5 48. Rxd6 Kxc4 49. Rxa6 Re5+ 50. Kf2 Kb5 51. Ra8 Rxd5 52. a6 Kb6 53. g3
Rd2+ 54. Ke3 Rh2 55. gxh4 gxh4 56. a7 Rxh3 57. Rc8 Kxa7 58. Rxc5 Kb6 59. Rc1
Rh2 60. f4 Rg2 61. Kf3 Rg3+ 62. Ke4 h3 63. Rh1 Kc7 64. Ke5 Kd8 65. Kf6 Ke8 66.
f5 Re3 67. Rh2 Rb3 68. Ra2 Rb6+ 69. Kg7 Rb3 70. Ra8+ Ke7 71. f6+ Ke6 72. f7
Rg3+ 73. Kf8 h2 74. Ra6+ Kd7 75. Rh6 Rg2 76. Rh3 Rf2 77. Rd3+ Kc7 1/2-1/2

[Event "Quebec-ch Elite POM"]
[Site "Montreal CAN"]
[Date "2010.10.09"]
[Round "3"]
[White "Libersan, Thierry"]
[Black "Arsenault, Nicolas"]
[Result "0-1"]
[WhiteElo "2101"]
[BlackElo "2225"]
[PlyCount "60"]
[EventDate "2010.10.08"]
[EventType "swiss"]
[EventRounds "7"]
[EventCountry "CAN"]

1. d4 Nf6 2. c4 e6 3. Nf3 Bb4+ 4. Bd2 Qe7 5. a3 Bxd2+ 6. Qxd2 d6 7. Nc3 O-O 8.
e4 e5 9. d5 Bg4 10. Be2 a5 11. h3 Bd7 12. b3 Na6 13. Qc2 c6 14. dxc6 bxc6 15.
O-O Nh5 16. Rfe1 Nf4 17. Bf1 f5 18. Re3 Nc5 19. g3 Ng6 20. exf5 Bxf5 21. Qd1
Rab8 22. Nd2 Qd7 23. g4 Be6 24. Nce4 Nxe4 25. Nxe4 Rbd8 26. Rd3 d5 27. Nc5 Qe7
28. Nxe6 Qxe6 29. cxd5 cxd5 30. Rxd5 Rxd5 0-1

[Event "Quebec-ch Elite POM"]
[Site "Montreal CAN"]
[Date "2010.10.09"]
[Round "3"]
[White "Plante, Michel"]
[Black "Zhu, Hong Rui"]
[Result "1-0"]
[WhiteElo "2024"]
[BlackElo "1935"]
[PlyCount "55"]
[EventDate "2010.10.08"]
[EventType "swiss"]
[EventRounds "7"]
[EventCountry "CAN"]

1. d4 d5 2. Nf3 Nf6 3. e3 e6 4. Bd3 Be7 5. O-O O-O 6. Nbd2 c5 7. b3 Nc6 8. Bb2
b6 9. Ne5 Bb7 10. f4 Re8 11. Qf3 Bd6 12. a3 Qc7 13. Qh3 Qe7 14. dxc5 Bxc5 15.
b4 Bd6 16. Ng4 d4 17. Nxf6+ Qxf6 18. Qxh7+ Kf8 19. Ne4 Qd8 20. Qh8+ Ke7 21.
Qxg7 Rf8 22. exd4 Kd7 23. d5 exd5 24. Nxd6 Kxd6 25. Be5+ Kd7 26. Bf5+ Ke8 27.
Rfe1 Ne7 28. Bf6 1-0

[Event "Quebec-ch Elite POM"]
[Site "Montreal CAN"]
[Date "2010.10.09"]
[Round "3"]
[White "Poulin, Mathieu"]
[Black "Lepine, Cedric"]
[Result "1/2-1/2"]
[WhiteElo "2048"]
[BlackElo "1911"]
[PlyCount "79"]
[EventDate "2010.10.08"]
[EventType "swiss"]
[EventRounds "7"]
[EventCountry "CAN"]

1. d4 Nf6 2. c4 g6 3. Nc3 d5 4. cxd5 Nxd5 5. e3 Nxc3 6. bxc3 Bg7 7. Bc4 c5 8.
Nf3 O-O 9. O-O Nc6 10. Ba3 Na5 11. Bd3 cxd4 12. cxd4 Be6 13. Qa4 b6 14. Rfc1
Bd7 15. Bb5 Bxb5 16. Qxb5 Re8 17. h3 a6 18. Qe2 b5 19. Bb4 Nc4 20. Nd2 e5 21.
Nxc4 bxc4 22. dxe5 Bxe5 23. Bc3 Qd3 24. Qxd3 cxd3 25. Bxe5 Rxe5 26. Rc3 Rd8 27.
Rd1 Ra5 28. a3 Rad5 29. Rd2 f5 30. h4 Kg7 31. f3 Kf6 32. Kf2 R5d6 33. g3 g5 34.
e4 gxh4 35. gxh4 f4 36. Rc5 Kf7 37. Rf5+ Rf6 38. Rxf6+ Kxf6 39. Ke1 Ke5 40. Rb2
1/2-1/2

[Event "Quebec-ch Elite POM"]
[Site "Montreal CAN"]
[Date "2010.10.09"]
[Round "3"]
[White "Rainfray, Arnaud"]
[Black "Bolduc, Steve"]
[Result "0-1"]
[WhiteElo "2408"]
[BlackElo "2281"]
[PlyCount "78"]
[EventDate "2010.10.08"]
[EventType "swiss"]
[EventRounds "7"]
[EventCountry "CAN"]

1. e4 d6 2. d4 Nf6 3. Nc3 g6 4. g3 Bg7 5. Bg2 O-O 6. Nge2 Nc6 7. O-O e5 8. d5
Ne7 9. f4 Ne8 10. Be3 f5 11. Qd2 b6 12. a4 Bb7 13. Rad1 fxe4 14. fxe5 Rxf1+ 15.
Rxf1 dxe5 16. Bg5 Qd7 17. Nxe4 Nf5 18. N2c3 h6 19. Be3 Ned6 20. Nxd6 cxd6 21.
Bh3 Ba6 22. Nb5 Bxb5 23. axb5 Qxb5 24. Bxf5 gxf5 25. Bxh6 f4 26. Bxg7 Kxg7 27.
gxf4 Rg8 28. Rf3 Kf7+ 29. Rg3 Rxg3+ 30. hxg3 Qxb2 31. f5 Qd4+ 32. Qxd4 exd4 33.
Kf2 a5 34. Ke2 a4 35. Kd2 Kf6 36. g4 b5 37. Kc1 b4 38. Kb2 Kg5 39. Kb1 b3 0-1

[Event "Quebec-ch Elite POM"]
[Site "Montreal CAN"]
[Date "2010.10.09"]
[Round "3"]
[White "Sambuev, Bator"]
[Black "Castellanos, Renier"]
[Result "0-1"]
[WhiteElo "2573"]
[BlackElo "2430"]
[PlyCount "100"]
[EventDate "2010.10.08"]
[EventType "swiss"]
[EventRounds "7"]
[EventCountry "CAN"]

1. d4 Nf6 2. c4 g6 3. Nc3 Bg7 4. e4 d6 5. Nf3 O-O 6. Be2 e5 7. O-O Nc6 8. d5
Ne7 9. Ne1 Nd7 10. Be3 f5 11. f3 f4 12. Bf2 g5 13. Rc1 a6 14. Nd3 b6 15. b4 Rf6
16. a4 Rh6 17. a5 bxa5 18. bxa5 Qe8 19. Kh1 Nf6 20. g4 fxg3 21. Bxg3 Nh5 22.
Rg1 Ng6 23. Bf2 Qe7 24. Be3 Nhf4 25. Rg3 Bd7 26. Nf2 Rf8 27. Bf1 Nh4 28. c5 Rg6
29. cxd6 cxd6 30. Nb1 Nh5 31. Nd2 Nxg3+ 32. hxg3 g4 33. fxg4 Bh6 34. Bxh6 Rxh6
35. Kg1 Rhf6 36. Nh1 Nf3+ 37. Nxf3 Rxf3 38. Bg2 R3f7 39. Rc7 Qg5 40. Qd3 Qxg4
41. Qe3 h5 42. Qe1 h4 43. gxh4 Rg7 44. Rc2 Rf4 45. Rb2 Bb5 46. Rf2 Qxh4 47. Qe3
Qg4 48. Kh2 Rxf2 49. Qxf2 Rh7+ 50. Kg1 Qd1+ 0-1

[Event "Quebec-ch Elite POM"]
[Site "Montreal CAN"]
[Date "2010.10.10"]
[Round "4"]
[White "Castellanos, Renier"]
[Black "Bolduc, Steve"]
[Result "1-0"]
[WhiteElo "2430"]
[BlackElo "2281"]
[PlyCount "31"]
[EventDate "2010.10.08"]
[EventType "swiss"]
[EventRounds "7"]
[EventCountry "CAN"]

1. e4 d6 2. d4 Nf6 3. Nc3 g6 4. Be3 c6 5. Qd2 b5 6. Bd3 Nbd7 7. Nf3 Nb6 8. h3
Bb7 9. O-O Qc7 10. e5 dxe5 11. dxe5 Nfd7 12. e6 fxe6 13. Ng5 Nc4 14. Bxc4 bxc4
15. Qd4 Qe5 16. Qxe5 1-0

[Event "Quebec-ch Elite POM"]
[Site "Montreal CAN"]
[Date "2010.10.10"]
[Round "4"]
[White "Chiffot, Nicolas"]
[Black "Corriveau, Philippe"]
[Result "1-0"]
[WhiteElo "2048"]
[BlackElo "2003"]
[PlyCount "49"]
[EventDate "2010.10.08"]
[EventType "swiss"]
[EventRounds "7"]
[EventCountry "CAN"]

1. d4 d5 2. c4 c6 3. Nf3 Nf6 4. Nc3 a6 5. e3 b5 6. b3 Bg4 7. Be2 g6 8. Bb2 Bg7
9. Ne5 Bxe2 10. Qxe2 Nfd7 11. f4 Nxe5 12. dxe5 O-O 13. Rd1 bxc4 14. bxc4 e6 15.
O-O Nd7 16. Kh1 Qa5 17. e4 Nb6 18. exd5 cxd5 19. cxd5 Nxd5 20. Nxd5 exd5 21. f5
Rfb8 22. f6 Qxa2 23. Rd2 Bh6 24. Rc2 Rb3 25. Bc1 1-0

[Event "Quebec-ch Elite POM"]
[Site "Montreal CAN"]
[Date "2010.10.10"]
[Round "4"]
[White "Gagnon, Serge"]
[Black "Clyde, Jordan"]
[Result "1/2-1/2"]
[WhiteElo "2129"]
[BlackElo "2007"]
[PlyCount "117"]
[EventDate "2010.10.08"]
[EventType "swiss"]
[EventRounds "7"]
[EventCountry "CAN"]

1. d4 d6 2. Nf3 Bg4 3. c4 Bxf3 4. gxf3 g6 5. Nc3 Bg7 6. Bg5 Nc6 7. e3 h6 8. Bh4
Qd7 9. f4 e6 10. Qf3 Rb8 11. Rd1 Nge7 12. d5 Nf5 13. dxc6 bxc6 14. Qg4 Rxb2 15.
Ne4 Nxh4 16. Qxh4 Qe7 17. Qxe7+ Kxe7 18. Bd3 f5 19. Ng3 Rhb8 20. O-O Rxa2 21.
Rb1 Rbb2 22. Rxb2 Rxb2 23. Rb1 Rxb1+ 24. Bxb1 d5 25. Kf1 Kd6 26. Ke2 Kc5 27.
Kd3 Kb4 28. Ne2 c5 29. Nc1 Ka3 30. Kc2 Kb4 31. Kd3 c6 32. f3 g5 33. h3 Bf6 34.
Ba2 Ka3 35. Kc2 d4 36. exd4 cxd4 37. c5 d3+ 38. Kxd3 Bb2 39. Bxe6 Bxc1 40. fxg5
Bxg5 41. Kc4 f4 42. Bd7 Ka4 43. Bxc6+ Ka5 44. Be4 Bd8 45. Bd3 Ka4 46. Kd5 Kb4
47. Kd6 a5 48. Bg6 a4 49. c6 a3 50. Bf7 Kc3 51. Ke5 Bc7+ 52. Ke4 Kd2 53. Bc4
Ke1 54. Bd5 Kf2 55. h4 Kg3 56. h5 Kh4 57. Bf7 Kg5 58. Kd3 Kf6 59. Ba2 1/2-1/2

[Event "Quebec-ch Elite POM"]
[Site "Montreal CAN"]
[Date "2010.10.10"]
[Round "4"]
[White "Galbadrakh, Enkh-Amar"]
[Black "Plante, Michel"]
[Result "1-0"]
[WhiteElo "2195"]
[BlackElo "2024"]
[PlyCount "77"]
[EventDate "2010.10.08"]
[EventType "swiss"]
[EventRounds "7"]
[EventCountry "CAN"]

1. Nf3 d6 2. c4 e5 3. g3 c6 4. Nc3 Be7 5. Bg2 Na6 6. O-O Be6 7. b3 Qd7 8. Re1
Bh3 9. Bh1 h5 10. d4 e4 11. Nxe4 h4 12. Neg5 hxg3 13. fxg3 Bxg5 14. Bxg5 f6 15.
Bd2 O-O-O 16. e4 Ne7 17. b4 Rh7 18. a4 Rdh8 19. Ra2 Bg4 20. Bc3 Nc7 21. Qd3 d5
22. b5 dxe4 23. Qxe4 Be6 24. Rb2 cxb5 25. axb5 Nf5 26. d5 Bf7 27. Bg2 Nd6 28.
Qd4 Kb8 29. b6 axb6 30. Qxb6 Nxd5 31. cxd5 Nc4 32. Qxb7+ Qxb7 33. Rxb7+ Kxb7
34. Re7+ Kc8 35. Rxf7 Ne3 36. d6 Rd8 37. Bb4 Nxg2 38. Rc7+ Kb8 39. Nd4 1-0

[Event "Quebec-ch Elite POM"]
[Site "Montreal CAN"]
[Date "2010.10.10"]
[Round "4"]
[White "Gauthier, Denis"]
[Black "Rainfray, Arnaud"]
[Result "0-1"]
[WhiteElo "1920"]
[BlackElo "2400"]
[PlyCount "36"]
[EventDate "2010.10.08"]
[EventType "swiss"]
[EventRounds "7"]
[EventCountry "CAN"]

1. d4 d5 2. c4 e6 3. Nc3 c5 4. cxd5 cxd4 5. Qa4+ Bd7 6. Qxd4 exd5 7. Qxd5 Nf6
8. Qxb7 Nc6 9. Bf4 Rc8 10. Nf3 Nb4 11. Rc1 Bc5 12. e3 O-O 13. Bb5 Bxb5 14. Qxb5
Nd3+ 15. Ke2 Nxf4+ 16. exf4 Re8+ 17. Ne5 Qd4 18. Qc4 Qxc4+ 0-1

[Event "Quebec-ch Elite POM"]
[Site "Montreal CAN"]
[Date "2010.10.10"]
[Round "4"]
[White "Gras, Guillaume"]
[Black "Villeneuve, Robert"]
[Result "1/2-1/2"]
[WhiteElo "2094"]
[BlackElo "1879"]
[PlyCount "108"]
[EventDate "2010.10.08"]
[EventType "swiss"]
[EventRounds "7"]
[EventCountry "CAN"]

1. e4 c5 2. Nc3 Nc6 3. f4 e6 4. Nf3 d5 5. Bb5 Nge7 6. Qe2 dxe4 7. Ne5 f5 8. Na4
Qd6 9. b3 Bd7 10. Bb2 Nxe5 11. Bxe5 Bxb5 12. Qh5+ g6 13. Qh4 Qc6 14. Bxh8 Bxa4
15. bxa4 O-O-O 16. Bf6 e3 17. d3 Qxg2 18. O-O-O Rd7 19. Qg3 Qc6 20. Bxe7 Bxe7
21. Qxe3 Qxa4 22. Qxe6 Bd6 23. Rde1 Bxf4+ 24. Kb1 Kc7 25. Qb3 Qd4 26. Qb2 Qd6
27. Re2 Bh6 28. Rhe1 Bg7 29. Qa3 Qb6+ 30. Qb3 Qxb3+ 31. axb3 Bc3 32. Rf1 Kd6
33. Rf3 Rf7 34. h3 f4 35. Re4 g5 36. Kc1 Be5 37. b4 b6 38. bxc5+ bxc5 39. Ra4
Ke6 40. Kd2 h5 41. Re4 g4 42. hxg4 hxg4 43. Rf1 Kf5 44. Rh1 Bd4 45. Rxf4+ Kxf4
46. Rf1+ Kg3 47. Rxf7 Kh2 48. Rxa7 g3 49. Rh7+ Kg1 50. Ke2 Kg2 51. Rh5 Bg1 52.
c3 Bf2 53. Rh7 Bg1 54. Rh6 Bf2 1/2-1/2

[Event "Quebec-ch Elite POM"]
[Site "Montreal CAN"]
[Date "2010.10.10"]
[Round "4"]
[White "Khashper, Arkady"]
[Black "Le Duin, Thierry"]
[Result "0-1"]
[WhiteElo "2208"]
[BlackElo "1902"]
[PlyCount "108"]
[EventDate "2010.10.08"]
[EventType "swiss"]
[EventRounds "7"]
[EventCountry "CAN"]

1. d4 Nf6 2. Bg5 h6 3. Bxf6 gxf6 4. e3 d5 5. Nf3 Bg4 6. Be2 c6 7. Nc3 Nd7 8.
Nh4 Bxe2 9. Qxe2 e6 10. O-O f5 11. Nf3 Bd6 12. Nd1 Qf6 13. c4 Qg6 14. Nh4 Qg5
15. Nf3 Qh5 16. cxd5 Bxh2+ 17. Kh1 Bd6+ 18. Kg1 exd5 19. Nc3 O-O-O 20. Ne5 Qxe2
21. Nxe2 Nxe5 22. dxe5 Bxe5 23. Rab1 Rhg8 24. g3 h5 25. f4 Bf6 26. Kf2 h4 27.
gxh4 Bxh4+ 28. Kf3 Rg4 29. Rh1 Rdg8 30. Rh3 Kd7 31. Rbh1 Bf6 32. b3 Ke6 33. Rh5
c5 34. R1h3 Rg2 35. a4 d4 36. exd4 cxd4 37. Rg3 R8xg3+ 38. Nxg3 Rb2 39. Nxf5
Rxb3+ 40. Ke2 a5 41. Nh6 b6 42. Ng4 Ke7 43. Rf5 Bg7 44. Rg5 Kf8 45. Rd5 Rb4 46.
Rd8+ Ke7 47. Rb8 Rb3 48. Rb7+ Kd6 49. Rxf7 d3+ 50. Kd2 Bd4 51. f5 Bc5 52. Rf6+
Kd5 53. Ne3+ Kd4 54. Nc2+ dxc2 0-1

[Event "Quebec-ch Elite POM"]
[Site "Montreal CAN"]
[Date "2010.10.10"]
[Round "4"]
[White "Lepine, Cedric"]
[Black "Libersan, Thierry"]
[Result "0-1"]
[WhiteElo "1911"]
[BlackElo "2101"]
[PlyCount "88"]
[EventDate "2010.10.08"]
[EventType "swiss"]
[EventRounds "7"]
[EventCountry "CAN"]

1. d4 Nf6 2. c4 g6 3. Nc3 Bg7 4. e4 d6 5. f4 O-O 6. Nf3 c5 7. d5 e6 8. Bd3 exd5
9. cxd5 Re8 10. O-O c4 11. Bc2 Bg4 12. Be3 Nbd7 13. Bd4 a6 14. Re1 b5 15. a3
Qc7 16. h3 Bxf3 17. Qxf3 Rab8 18. Rad1 Re7 19. e5 Rbe8 20. exf6 Rxe1+ 21. Rxe1
Rxe1+ 22. Kf2 Bxf6 23. Kxe1 Bxd4 24. Qe4 Bxc3+ 25. bxc3 Nf6 26. Qd4 Kg7 27. g4
Qc5 28. Qxc5 dxc5 29. d6 Kf8 30. Kd2 a5 31. g5 Nd5 32. f5 b4 33. cxb4 cxb4 34.
axb4 axb4 35. f6 Ke8 36. Ba4+ Kd8 37. Bb5 c3+ 38. Kc1 Ne3 39. Ba4 Nc4 40. d7
Nd2 41. Kc2 Nf3 42. h4 Nxh4 43. Bb3 Nf3 44. Bxf7 Kxd7 0-1

[Event "Quebec-ch Elite POM"]
[Site "Montreal CAN"]
[Date "2010.10.10"]
[Round "4"]
[White "Luo, Zhao Yang"]
[Black "Dumont, Felix"]
[Result "1-0"]
[WhiteElo "1829"]
[BlackElo "2078"]
[PlyCount "91"]
[EventDate "2010.10.08"]
[EventType "swiss"]
[EventRounds "7"]
[EventCountry "CAN"]

1. d4 Nf6 2. c4 g6 3. Nc3 Bg7 4. e4 d6 5. Nf3 O-O 6. Be2 e5 7. O-O Nc6 8. d5
Ne7 9. Ne1 Nd7 10. Be3 f5 11. f3 f4 12. Bf2 g5 13. Rc1 Ng6 14. b4 Nf6 15. c5
Rf7 16. Nb5 a6 17. Na3 h5 18. cxd6 cxd6 19. Nc4 g4 20. Bb6 Qe7 21. Ba5 g3 22.
Nb6 Bd7 23. Rc7 Rd8 24. Rxb7 Nh7 25. Rxd7 Rxd7 26. Nxd7 Qh4 27. h3 Ng5 28. Bxa6
Rxd7 29. Qc2 Bf8 30. Bc8 Rg7 31. Qa4 Ne7 32. Be6+ Kh8 33. Qe8 Ng6 34. Bd8 Kh7
35. Bf5 Kh6 36. Bxg5+ Qxg5 37. Bxg6 Qxg6 38. Qxf8 Kh7 39. Qf5 Qxf5 40. exf5 Ra7
41. Nd3 Rxa2 42. Rb1 Rd2 43. b5 Ra2 44. b6 Ra8 45. b7 Rb8 46. Nxe5 1-0

[Event "Quebec-ch Elite POM"]
[Site "Montreal CAN"]
[Date "2010.10.10"]
[Round "4"]
[White "Poulin, Mathieu"]
[Black "Bouchard, Jean-Marc"]
[Result "1/2-1/2"]
[WhiteElo "2048"]
[BlackElo "1857"]
[PlyCount "66"]
[EventDate "2010.10.08"]
[EventType "swiss"]
[EventRounds "7"]
[EventCountry "CAN"]

1. d4 Nf6 2. c4 g6 3. Nc3 d5 4. cxd5 Nxd5 5. e3 Bg7 6. Bc4 Nb6 7. Bb3 Nc6 8.
Nf3 O-O 9. O-O a6 10. a4 e6 11. Ne4 Nd5 12. Bd2 Nf6 13. Bc2 e5 14. dxe5 Nxe4
15. Bxe4 Nxe5 16. Nxe5 Bxe5 17. Qc2 Qe7 18. Bc3 Bxc3 19. bxc3 c6 20. Rfd1 Be6
21. c4 Qc5 22. Rab1 Rab8 23. Rd4 b6 24. Rbd1 b5 25. cxb5 Qxc2 26. Bxc2 axb5 27.
axb5 Rxb5 28. Ba4 Rc5 29. f3 Ra8 30. Rd8+ Rxd8 31. Rxd8+ Kg7 32. Kf2 Rc1 33.
Rd1 Rxd1 1/2-1/2

[Event "Quebec-ch Elite POM"]
[Site "Montreal CAN"]
[Date "2010.10.10"]
[Round "4"]
[White "Qin, Zi Yi (Joey)"]
[Black "Roy, Myriam"]
[Result "1-0"]
[WhiteElo "2190"]
[BlackElo "1855"]
[PlyCount "39"]
[EventDate "2010.10.08"]
[EventType "swiss"]
[EventRounds "7"]
[EventCountry "CAN"]

1. e4 c5 2. Nf3 d6 3. d4 cxd4 4. Nxd4 Nf6 5. Nc3 Nc6 6. Bc4 e6 7. Be3 Be7 8.
Qe2 a6 9. O-O-O O-O 10. Bb3 Qc7 11. g4 Nxd4 12. Bxd4 Nd7 13. g5 Rd8 14. Qh5 Nf8
15. Rhg1 Bd7 16. f4 Ng6 17. Rdf1 Qa5 18. f5 exf5 19. exf5 Bxf5 20. Nd5 1-0

[Event "Quebec-ch Elite POM"]
[Site "Montreal CAN"]
[Date "2010.10.10"]
[Round "4"]
[White "Rousseau, Daniel"]
[Black "Giroux, Robert"]
[Result "0-1"]
[WhiteElo "2150"]
[BlackElo "2070"]
[PlyCount "74"]
[EventDate "2010.10.08"]
[EventType "swiss"]
[EventRounds "7"]
[EventCountry "CAN"]

1. d4 Nf6 2. c4 g6 3. Nc3 Bg7 4. e4 d6 5. Be2 O-O 6. f4 e5 7. dxe5 dxe5 8. Qxd8
Rxd8 9. fxe5 Ng4 10. Bxg4 Bxg4 11. Nge2 Nd7 12. Bg5 Re8 13. O-O-O c6 14. e6
Bxe6 15. Rhf1 Nc5 16. Be3 Bf8 17. b3 Bg4 18. Bxc5 Bxc5 19. Rfe1 Bb4 20. Rd3 Re5
21. Ng3 Rae8 22. Kb2 h5 23. h3 Bc8 24. Nge2 Kg7 25. a3 Be7 26. Rf1 Bf8 27. Nd4
Rg5 28. Rd2 Rge5 29. Rdf2 R5e7 30. Nf3 Kg8 31. Ng5 f5 32. exf5 Bxf5 33. Nf3 Bg7
34. Nd2 Re3 35. Rc1 Re2 36. Rcf1 R8e3 37. Rxe2 Bxc3+ 0-1

[Event "Quebec-ch Elite POM"]
[Site "Montreal CAN"]
[Date "2010.10.10"]
[Round "4"]
[White "Sambuev, Bator"]
[Black "Lawson, Eric"]
[Result "0-1"]
[WhiteElo "2573"]
[BlackElo "2379"]
[PlyCount "172"]
[EventDate "2010.10.08"]
[EventType "swiss"]
[EventRounds "7"]
[EventCountry "CAN"]

1. d4 Nf6 2. c4 c5 3. d5 e6 4. Nc3 exd5 5. cxd5 d6 6. e4 g6 7. Nf3 a6 8. a4 Bg4
9. Qb3 Bxf3 10. Qxb7 Nbd7 11. gxf3 Bg7 12. Qc6 O-O 13. Qxd6 Nh5 14. Bh3 f5 15.
Qe6+ Kh8 16. d6 Ne5 17. Qe7 Nd3+ 18. Kf1 Nhf4 19. Bxf4 Nxf4 20. Nd5 Nxh3 21.
Kg2 Ng5 22. h4 Nf7 23. h5 Qxd6 24. Qxd6 Nxd6 25. hxg6 Rae8 26. Rxh7+ Kg8 27.
Nc7 Re7 28. Nd5 Re5 29. Rd1 fxe4 30. fxe4 Nxe4 31. f4 Re6 32. Rh5 Nf6 33. Nxf6+
Rexf6 34. Rxc5 Rxf4 35. Rd6 Rxa4 36. b3 Ra2+ 37. Kh3 Ra3 38. Kg4 Rb8 39. Rf5 a5
40. Rc6 Bf8 41. Ra6 Bb4 42. Rf3 Ra1 43. Kh3 Rg1 44. Kh2 Rg5 45. Kh3 Rf8 46. Kh4
Be7 47. Rxf8+ Kxf8 48. Ra8+ Kg7 49. Ra7 Re5+ 50. Kg4 Kxg6 51. Kf4 Rf5+ 52. Ke4
Bb4 53. Rd7 Rc5 54. Rd1 Rc3 55. Rb1 Kf6 56. Kd4 Ke6 57. Rh1 Kd7 58. Rh7+ Kc6
59. Rh6+ Kb5 60. Rh5+ Rc5 61. Rh7 Bc3+ 62. Kd3 Kb4 63. Kc2 Bd4+ 64. Kb1 Re5 65.
Rb7+ Ka3 66. Kc2 Bc5 67. Rh7 Bb4 68. Rh1 Rc5+ 69. Kb1 Kxb3 70. Rh2 Re5 71. Rb2+
Ka4 72. Ra2+ Ba3 73. Rd2 Bb4 74. Ra2+ Kb5 75. Rh2 Rd5 76. Kc2 Kc4 77. Rg2 a4
78. Rg3 Rd2+ 79. Kc1 Rd3 80. Rg2 a3 81. Kb1 Rd2 82. Rg3 Bc3 83. Kc1 Rb2 84. Rg8
a2 85. Rc8+ Kd5 86. Rd8+ Ke6 0-1

[Event "Quebec-ch Elite POM"]
[Site "Montreal CAN"]
[Date "2010.10.10"]
[Round "4"]
[White "Sarrazin-Gendron, Roman"]
[Black "Hajiyev, Elshad"]
[Result "0-1"]
[WhiteElo "2010"]
[BlackElo "2126"]
[PlyCount "82"]
[EventDate "2010.10.08"]
[EventType "swiss"]
[EventRounds "7"]
[EventCountry "CAN"]

1. Nf3 c5 2. g3 Nc6 3. Bg2 g6 4. O-O Bg7 5. d3 d6 6. Nc3 Nf6 7. e4 e5 8. h3 Be6
9. Ng5 h6 10. Nxe6 fxe6 11. Be3 O-O 12. Qd2 Kh7 13. f4 Nh5 14. Ne2 Nd4 15. Bxd4
cxd4 16. Bf3 Nf6 17. fxe5 dxe5 18. Nc1 h5 19. g4 hxg4 20. hxg4 Nxg4 21. Bxg4
Rxf1+ 22. Kxf1 Qh4 23. Qg2 Rf8+ 24. Ke2 Bh6 25. Nb3 Rc8 26. c4 dxc3 27. bxc3
Rxc3 28. Rd1 Rc2+ 29. Nd2 Qg5 30. Ke1 Qe3+ 31. Kf1 Qxd3+ 32. Be2 Rxd2 33. Bxd3
Rxd1+ 34. Ke2 Rd2+ 35. Kf3 Rxg2 36. Kxg2 Kg7 37. Kg3 Kf6 38. Kg4 Ke7 39. Bc4 a6
40. a4 Kd6 41. Kh4 Bf4 0-1

[Event "Quebec-ch Elite POM"]
[Site "Montreal CAN"]
[Date "2010.10.10"]
[Round "4"]
[White "Zhu, Hong Rui"]
[Black "Cote-Lalumiere, Tristan"]
[Result "1/2-1/2"]
[WhiteElo "1935"]
[BlackElo "1880"]
[PlyCount "91"]
[EventDate "2010.10.08"]
[EventType "swiss"]
[EventRounds "7"]
[EventCountry "CAN"]

1. e4 c5 2. Nf3 d6 3. d4 cxd4 4. Nxd4 Nf6 5. Nc3 g6 6. Be3 Bg7 7. f3 O-O 8. Qd2
Nc6 9. Bc4 Bd7 10. O-O-O Rc8 11. Bb3 Ne5 12. Kb1 Nc4 13. Bxc4 Rxc4 14. g4 a5
15. h4 a4 16. h5 Qc7 17. Nde2 Rc8 18. hxg6 fxg6 19. g5 Nh5 20. Nd5 Qd8 21. Rc1
R8c6 22. Bd4 e5 23. Bb6 Qf8 24. Qd3 Rc8 25. Nec3 Be6 26. Be3 Nf4 27. Qd2 Nxd5
28. Nxd5 Bxd5 29. Qxd5+ Qf7 30. Qxf7+ Kxf7 31. Rxh7 a3 32. c3 axb2 33. Kxb2 d5
34. exd5 Kg8 35. Rhh1 e4 36. Bd4 Bxd4 37. cxd4 exf3 38. d6 Rxc1 39. Rxc1 Rd8
40. Rf1 Rxd6 41. Rxf3 Rxd4 42. Rf6 Kg7 43. Rb6 Rd5 44. Rxb7+ Kf8 45. Rb6 Rxg5
46. Kc3 1/2-1/2

[Event "Quebec-ch Elite POM"]
[Site "Montreal CAN"]
[Date "2010.10.10"]
[Round "5"]
[White "Arsenault, Nicolas"]
[Black "Forget, Luc"]
[Result "1-0"]
[WhiteElo "2225"]
[BlackElo "1949"]
[PlyCount "69"]
[EventDate "2010.10.08"]
[EventType "swiss"]
[EventRounds "7"]
[EventCountry "CAN"]

1. e4 e6 2. d4 d5 3. Nc3 dxe4 4. Nxe4 Nd7 5. Nf3 Ngf6 6. Bg5 Be7 7. Nxf6+ Bxf6
8. h4 O-O 9. Bd3 c5 10. Qe2 Qa5+ 11. Bd2 Qc7 12. O-O-O cxd4 13. Ng5 h6 14. Qe4
Rd8 15. Qh7+ Kf8 16. Bb4+ Nc5 17. Ne4 b6 18. Kb1 Ke7 19. Nxf6 Kxf6 20. g4 Bb7
21. g5+ hxg5 22. hxg5+ Ke7 23. Rhe1 Qf4 24. Bd2 Qf3 25. Qxg7 Nxd3 26. cxd3 a5
27. Ka1 Qf5 28. g6 Rg8 29. Qxd4 Rxg6 30. Qxb6 Qd5 31. Rc1 Bc8 32. Re4 Ra6 33.
Rc7+ Kf6 34. Bc3+ Kg5 35. Qe3+ 1-0

[Event "Quebec-ch Elite POM"]
[Site "Montreal CAN"]
[Date "2010.10.10"]
[Round "5"]
[White "Bouchard, Jean-Marc"]
[Black "Gagnon, Serge"]
[Result "0-1"]
[WhiteElo "1857"]
[BlackElo "2129"]
[PlyCount "40"]
[EventDate "2010.10.08"]
[EventType "swiss"]
[EventRounds "7"]
[EventCountry "CAN"]

1. e4 c5 2. Nf3 d6 3. d4 cxd4 4. Nxd4 Nf6 5. Nc3 g6 6. Be2 Bg7 7. O-O O-O 8.
Be3 Nc6 9. Nxc6 bxc6 10. f4 Qc7 11. Qd2 Rb8 12. Rab1 Ng4 13. Bxg4 Bxg4 14. Bd4
e5 15. fxe5 dxe5 16. Bc5 Rfd8 17. Qe3 Rd7 18. h3 Be6 19. b3 Qa5 20. Rbd1 Bh6
0-1

[Event "Quebec-ch Elite POM"]
[Site "Montreal CAN"]
[Date "2010.10.10"]
[Round "5"]
[White "Chabot, Roland"]
[Black "Qin, Zi Yi (Joey)"]
[Result "0-1"]
[WhiteElo "2147"]
[BlackElo "2190"]
[PlyCount "68"]
[EventDate "2010.10.08"]
[EventType "swiss"]
[EventRounds "7"]
[EventCountry "CAN"]

1. d4 Nf6 2. c4 g6 3. Nc3 Bg7 4. e4 d6 5. Nf3 O-O 6. Be2 e5 7. O-O Nc6 8. d5
Ne7 9. Ne1 Nd7 10. f3 f5 11. g4 h6 12. h4 Kh7 13. g5 hxg5 14. hxg5 Rh8 15. Nd3
Kg8 16. Rf2 Kf7 17. Bf1 Rh5 18. Rh2 f4 19. Rxh5 gxh5 20. Nf2 Ng6 21. Nh3 Nb6
22. Kh2 Bxh3 23. Bxh3 Qxg5 24. Qe1 Nxc4 25. Qf2 Ke7 26. b3 Ne3 27. Qg1 Qxg1+
28. Kxg1 Nc2 29. Rb1 Nd4 30. Kf2 Nh4 31. Bg2 Bf6 32. Bh1 Rg8 33. Bd2 Nhxf3 34.
Bxf3 Bh4+ 0-1